| 000 | 00648cam a2200145 4500500 | ||
|---|---|---|---|
| 005 | 20260208002352.0 | ||
| 041 | _afre | ||
| 042 | _adc | ||
| 100 | 1 | 0 |
_aBrohan, Mickaël _eauthor |
| 245 | 0 | 0 | _aStephen Beckerman & Paul Valentine, eds, Cultures of Multiple Fathers. The Theory and Practice of Partible Paternity in Lowland South America, Gainesville, University of Florida Press, 2002, 291 p., bibl., index, fig., tables, carte |
| 260 | _c2005. | ||
| 500 | _a10 | ||
| 786 | 0 | _nL'Homme | 175-176 | 3 | 2005-07-01 | p. 475u-572u | 0439-4216 | |
| 856 | 4 | 1 | _uhttps://shs.cairn.info/revue-l-homme-2005-3-page-475u?lang=fr&redirect-ssocas=7080 |
| 999 |
_c1645989 _d1645989 |
||